Сложные явления в русской грамматике. Приставочные и бесприставочные глаголы, Учебное пособие для студентов – иностранцев и преподавателей РКИ

Podrobná bibliografie
Hlavní autor: А. Р. Нурутдинова
Další autoři: Е. Н. Богатова, Е. В. Панфилова
Shrnutí:Книга находится в премиум-версии платформы «Русский как иностранный».
Учебное пособие предназначено для преподавателей РКИ и иностранных студентов, знакомых с грамматической системой русского языка, в частности, с системой изменения значений русских глаголов. Русские глаголы, и особенно приставочные глаголы, представляют большую трудность для иностранцев. Цель пособия – помочь студентам усвоить трудности лексико-семантической и грамматической системы русского языка. Задания, включённые в пособие, могут быть использованы для текущего и итогового контроля при работе с любым учебником русского языка для начального этапа и базового уровня.
Гарантированный срок размещения на платформе до 18.01.2028 (автопролонгация)
Vydáno: Казань, Казанский национальный исследовательский технологический университет, 2011
Vydání:Сложные явления в русской грамматике. Приставочные и бесприставочные глаголы
Témata:
On-line přístup:Перейти к просмотру издания
Médium: MixedMaterials Elektronický zdroj

MARC

LEADER 00000 a2200000 4500
001 RU/ROS-EDU.RU/62275
856 4 |u https://www.ros-edu.ru/book?id=62275  |z Перейти к просмотру издания 
010 |a 2227-8397 
205 |a Сложные явления в русской грамматике. Приставочные и бесприставочные глаголы  |b 2028-01-18 
333 |a Гарантированный срок размещения на платформе до 18.01.2028 (автопролонгация) 
100 |a 20110101d2011 |||y0rusy0250   |s 2028-01-18 
105 |a y z 000zy 
101 0 |a rus 
102 |a RU 
200 1 |a Сложные явления в русской грамматике. Приставочные и бесприставочные глаголы  |b Электронный ресурс  |e Учебное пособие для студентов – иностранцев и преподавателей РКИ  |f А. Р. Нурутдинова, Е. Н. Богатова, Е. В. Панфилова 
700 1 |b А. Р.  |a Нурутдинова  |4 070 
701 1 |b Е. Н.  |a Богатова  |4 070 
701 1 |b Е. В.  |a Панфилова  |4 070 
330 |a Учебное пособие предназначено для преподавателей РКИ и иностранных студентов, знакомых с грамматической системой русского языка, в частности, с системой изменения значений русских глаголов. Русские глаголы, и особенно приставочные глаголы, представляют большую трудность для иностранцев. Цель пособия – помочь студентам усвоить трудности лексико-семантической и грамматической системы русского языка. Задания, включённые в пособие, могут быть использованы для текущего и итогового контроля при работе с любым учебником русского языка для начального этапа и базового уровня. 
210 |a Казань  |c Казанский национальный исследовательский технологический университет  |d 2011 
610 1 |a сложное явление 
610 1 |a русская грамматика 
610 1 |a приставочный глагол 
610 1 |a бесприставочный глагол 
610 1 |a русский глагол 
610 1 |a глагольная приставка 
675 |a 808.2 
686 |a 81.2  |2 rubbk 
300 |a Книга находится в премиум-версии платформы «Русский как иностранный». 
215 |a 198 с.